| 000 | 01395nam a2200253Ia 4500 | ||
|---|---|---|---|
| 003 | Ost | ||
| 005 | 20260416102354.0 | ||
| 008 | 260416s9999||||xx |||||||||||||| ||und|| | ||
| 040 | _cfsecg | ||
| 041 | _aara | ||
| 082 | _a657.46 | ||
| 100 |
_aسمسوم، صليحة _eمؤلف |
||
| 245 | 0 |
_aمحاضرات في المحاسبة المالية : _bالحالات الخاصة لأعمال نهاية السنة (التثبيتات المعنوية و العينية و المخزونات) وفقا للنظام المحاسبي المالي / _c صليحة سمسوم |
|
| 260 |
_aالجزائر _bجامعة الجزائر3: كلية العلوم الإقتصادية، العلوم التجارية وعلوم التسيير _c2018 |
||
| 300 |
_a85 ورقة _bايضاحات _c30 سم |
||
| 504 | _aمراجع ص.82 | ||
| 520 | _aأسس النظام المالي و المحاسبي، الاهتلاكات و خسائر قيم التثبيتات المعنوية و العينية، دراسة المخزونات | ||
| 653 | _a النظام المحاسبي المالي - الجزائر | ||
| 653 | _aالمحاسبة | ||
| 653 | _aالمحاسبة التحليلية | ||
| 653 | _aالمخزون | ||
| 710 |
_aجامعة الجزائر3: كلية العلوم الإقتصادية، العلوم التجارية وعلوم التسيير _eناشر علمي |
||
| 942 | _cHANDOUT | ||
| 999 |
_c41113 _d41113 |
||